Guess The Influential Women By Picture - Statistics

General Stats
  • This quiz has been taken 39 times
  • The average score is 9 of 12
Answer Stats
Picture Answer % Correct
Serena Williams
97%
Kamala Harris
92%
Michelle Obama
92%
Taylor Swift
92%
Rosa Parks
87%
Frida Kahlo
77%
Aretha Franklin
74%
Amelia Earhart
72%
Marie Curie
72%
Harriet Tubman
56%
Ruth Bader Ginsburg
54%
Sally Ride
46%
No matching quizzes found
Score Distribution
Percent of People with Each Score
Percentile by Number Answered
Your Score History
You have not taken this quiz